Изменение свойств твердых растворов щелочногалоидных соединений в процессе естественного старения; Известия вузов. Физика; № 5

Bibliographic Details
Parent link:Известия вузов. Физика=Russian Physics Journal.— , 1958-2017, 2020-.— 0021-3411
№ 5.— 1962.— С. 3-9
Main Author: Трескина М. Н.
Other Authors: Завадовская Е. К. Екатерина Константиновна
Language:Russian
Published: 1962
Subjects:
Format: MixedMaterials Book Chapter
KOHA link:https://koha.lib.tpu.ru/cgi-bin/koha/opac-detail.pl?biblionumber=591130

MARC

LEADER 00000naa2a2200000 4500
001 591130
005 20231101131639.0
035 |a (RuTPU)RU\TPU\tpu\1120 
035 |a TPU00001120 
090 |a 591130 
100 |a 20011210a1962 k y0rusy50 ca 
101 0 |a rus 
102 |a RU 
200 1 |a Изменение свойств твердых растворов щелочногалоидных соединений в процессе естественного старения  |f М. Н. Трескина, Е. К. Завадовская 
320 |a Библиогр.: 18 назв. 
461 0 |0 (RuTPU)RU\TPU\prd\191  |x 0021-3411  |t Известия вузов. Физика  |l Russian Physics Journal  |d 1958-2017, 2020- 
463 0 |0 (RuTPU)RU\TPU\prd\66916  |t № 5  |v С. 3-9  |d 1962 
610 1 |a физика 
610 1 |a щелочно-галоидные соединения 
610 1 |a твердые растворы 
610 1 |a свойства 
610 1 |a естественное старение 
610 1 |a труды учёных ТПУ 
700 1 |a Трескина  |b М. Н. 
701 1 |a Завадовская  |b Е. К.  |c российский физик  |c профессор кафедры физики твердого тела Томского политехнического института  |f 1913-2004  |g Екатерина Константиновна  |2 stltpush  |3 (RuTPU)RU\TPU\pers\19787 
801 0 |a RU  |b 63413507  |c 20011210  |g PSBO 
801 2 |a RU  |b 63413507  |c 20220726  |g PSBO 
942 |c BK